000 01055nas a2200325 4500
001 BR2016000717
003 BR-BrBNA
005 20231205130121.0
007 ta
008 230509b bl.|||p| |||| 00| 00por d
040 _aBR-BrBNA
_bpor
_cBiblioteca Nacional de Agricultura
041 _a(Pt)
072 _aH10
100 1 _aOotani, M.A.
100 1 _aRamos, A.C.C.
100 1 _aAzevedo, E.B. de
100 1 _aGarcia, B. de O.
100 1 _aSantos, S.F. dos
100 1 _aAguiar, R.W. de S.
245 1 _aAvaliação da toxicidade de estirpes de Bacillus thuringiensis para Aedes aegypti Linneus, (Díptera: Culicidae)
650 _aINSETO
650 _aCONTROLE BIOLOGICO
650 _aBACILLUS THURINGIENSIS
650 _aTOXIDEZ
650 _aINSETICIDA
773 0 _tJournal of Biotechnology and Biodiversity (Brazil)
_xISSN 2179-4804
_g(May 2011), v. 2(2) p. 37-43
_wBR2016000717
856 4 0 _uhttp://revista.uft.edu.br/index.php/JBB/article/view/234/168
909 _a202311
_bLúcia
_c55
_dLúcia Elande
942 _2AGRIS
_n0
_cANA
999 _c247923
_d247923